ბათუმის შოთა რუსთაველის სახელმწიფო უნივერსიტეტის ბიბლიოთეკა

ხარისხის მართვა უნივერსალურ სამეცნიერო ბიბლიოთეკებში (ბიბ.ჩანაწერი № 52542)

000 -LEADER
fixed length control field 01083nam a2200241Ia 4500
001 - CONTROL NUMBER
control field 19566
003 - CONTROL NUMBER IDENTIFIER
control field GE_BSU
008 - FIXED-LENGTH DATA ELEMENTS--GENERAL INFORMATION
fixed length control field 181216s||||||||xx |||||||||||||| ||und||
040 ## - CATALOGING SOURCE
Transcribing agency GE_BSU
080 ## - UNIVERSAL DECIMAL CLASSIFICATION NUMBER
Universal Decimal Classification number 02
245 ## - TITLE STATEMENT
Title ხარისხის მართვა უნივერსალურ სამეცნიერო ბიბლიოთეკებში
245 ## - TITLE STATEMENT
Remainder of title მეთოდური რეკომენდაციები
245 ## - TITLE STATEMENT
Statement of responsibility, etc. შემგდ.გ. თაყნიაშვილი, ნ. ქავთარაძე. რედ. ა. ლორია, ლ. ზამბახიძე
260 ## - PUBLICATION, DISTRIBUTION, ETC.
Place of publication, distribution, etc. თბილისი
260 ## - PUBLICATION, DISTRIBUTION, ETC.
Date of publication, distribution, etc. 2007
300 ## - PHYSICAL DESCRIPTION
Extent 44გვ.
653 ## - INDEX TERM--UNCONTROLLED
Uncontrolled term ბიბლიოთეკარი
653 ## - INDEX TERM--UNCONTROLLED
Uncontrolled term მეთოდური რეკომენდაციები
653 ## - INDEX TERM--UNCONTROLLED
Uncontrolled term ქსეროქსი
653 ## - INDEX TERM--UNCONTROLLED
Uncontrolled term ხარისხის მართვა უნივერსალურ სამეცნიერო ბიბლიოთეკებში
942 ## - ADDED ENTRY ELEMENTS (KOHA)
Koha item type წიგნი
ეგზემპლარები
Withdrawn status Lost status Damaged status Not for loan Date acquired Barcode Date last seen Price effective from Koha item type Public note
        2018-12-17 00398 ქსეროქსი 2018-12-17 2018-12-17 წიგნი ქსეროქსი